000
00337nam a22001457a 4500
008
221109b ||||| |||| 00| 0 eng d
020
_a
7889523
041
_a
eng
080
_2
fifth edition
_a
61
082
_a
61 PAG
100
_a
4
101
_a
MJK
245
_a
MANUAL OF DIAGNOSTIC AND LABORATORY TESTS
_c
PAGANA
942
_2
udc
_c
BK
999
_c
58803
_d
58803